Brief biographies in medieval and early modern history, (Record no. 1904)

MARC details
000 -LEADER
fixed length control field 01323cam a22003851 4500
001 - CONTROL NUMBER
control field data
005 - DATE AND TIME OF LATEST TRANSACTION
control field 20260322212124.0
008 - FIXED-LENGTH DATA ELEMENTS--GENERAL INFORMATION
fixed length control field data
035 ## - SYSTEM CONTROL NUMBER
System control number 7815028
010 ## - LIBRARY OF CONGRESS CONTROL NUMBER
LC control number 31032011
035 ## - SYSTEM CONTROL NUMBER
-- (DLC) 31032011
035 ## - SYSTEM CONTROL NUMBER
System control number (OCoLC)5588420
040 ## - CATALOGING SOURCE
Original cataloging agency DLC
Transcribing agency InU
Modifying agency DLC
042 ## - AUTHENTICATION CODE
Authentication code premarc
043 ## - GEOGRAPHIC AREA CODE
Geographic area code e------
050 00 - LIBRARY OF CONGRESS CALL NUMBER
Classification number D106
Item number .P59
082 ## - DEWEY DECIMAL CLASSIFICATION NUMBER
Classification number 920.04
100 1# - MAIN ENTRY--PERSONAL NAME
Personal name Pope, Jennie Barnes.
245 10 - TITLE STATEMENT
Title Brief biographies in medieval and early modern history,
Statement of responsibility, etc. by Jennie B. Pope, M.A., Robert G. Albion, PH. D., and Helen C. [!] Clark, M.A.
260 ## - PUBLICATION, DISTRIBUTION, ETC.
Place of publication, distribution, etc. New York,
Name of publisher, distributor, etc. Oxford book company
Date of publication, distribution, etc. [c1931]
300 ## - PHYSICAL DESCRIPTION
Extent viii, 147 p.
Other physical details incl. front., illus.
Dimensions 19 cm.
336 ## - CONTENT TYPE
Content type term text
Content type code txt
Source rdacontent
337 ## - MEDIA TYPE
Media type term unmediated
Media type code n
Source rdamedia
338 ## - CARRIER TYPE
Carrier type term volume
Carrier type code nc
Source rdacarrier
650 #0 - SUBJECT ADDED ENTRY--TOPICAL TERM
Topical term or geographic name entry element Biography.
651 #0 - SUBJECT ADDED ENTRY--GEOGRAPHIC NAME
Geographic name Europe
Form subdivision Biography.
655 #7 - INDEX TERM--GENRE/FORM
Genre/form data or focus term Biographies.
Source of term lcgft
Authority record control number or standard number https://id.loc.gov/authorities/genreForms/gf2014026049
700 1# - ADDED ENTRY--PERSONAL NAME
Personal name Albion, Robert Greenhalgh,
Dates associated with a name 1896-1983,
Relator term joint author.
700 1# - ADDED ENTRY--PERSONAL NAME
Personal name Clark, Helen Baldwin,
Dates associated with a name 1901-
Relator term joint author.
906 ## - LOCAL DATA ELEMENT F, LDF (RLIN)
a 7
b cbc
c oclcrpl
d u
e ncip
f 19
g y-gencatlg
985 ## -
-- OCLC REPLACEMENT cdsdistr
985 ## -
-- fcd cdsdistr
991 ## -
-- c-GenColl
-- D106
-- .P59
-- Copy 1
-- OCLCREP
Holdings
Withdrawn status Lost status Damaged status Not for loan Home library Current library Shelving location Date acquired Total checkouts Full call number Barcode Date last seen Price effective from Koha item type
        Troy Troy General stacks 22/03/2026   920.04 LOC-TPL-00036 22/03/2026 22/03/2026 Books